000 00651nam a2200217Ia 4500
003 GCL
008 140319s9999 xx 000 0 ara d
040 _aGCL /
_cGCL
082 0 4 _a810.8007
_bع ا
100 1 _aعبداللطيف حمزة
245 1 0 _aادب الحروب الصليبية /
_cعبداللطيف حمزة
260 _a[S.N] :
_bدار الفكر العربى ،
_c1984
300 _a275 ص
490 _a
650 0 4 _aالشعر العربى
650 0 4 _aالادب العربى
650 0 4 _aالرسائل العربية
650 0 4 _aالدولة الايوبية
650 0 4 _aالمجموعات
942 _2ddc
_cBK
999 _c32999
_d32999